000 00431nam a2200157 a 4500
005 20140412111313.0
008 110408s19uu xx 00 eng d
020 _a1-57584-262-9
050 _aER
_bTe22 1999
100 _aHood Susan
245 _aTeddy bear, Teddy bear, turn around /
_cHood, Susan.
260 _aNY :
_bReaders digest,
_c1999.
300 _aunp.
440 _aReader's digest children's books
999 _c104098
_d104098